| 000 | 00582nam a2200193Ia 4500 | ||
|---|---|---|---|
| 003 | GCL | ||
| 008 | 140319s9999 xx 000 0 ara d | ||
| 040 |
_aGCL / _cGCL |
||
| 082 | 0 | 4 |
_a697.03 _bا ت |
| 100 | 1 | _aاحمد ناصف | |
| 245 | 1 | 0 |
_aالتدفئة المركزية و حساباتها للدور السكنية الصغيرة / _cاحمد ناصف |
| 300 | _a111 ص | ||
| 490 | _a | ||
| 650 | 0 | 4 | _aتكييف الهواء |
| 650 | 0 | 4 | _aالاقتصاد المنزلى |
| 650 | 0 | 4 | _aالتدفئة |
| 650 | 0 | 4 | _aالتدفئة الكهربائية |
| 942 |
_2ddc _cBK |
||
| 999 |
_c44370 _d44370 |
||